000 00547nam a2200229Ia 4500
003 OSt
005 20220924133313.0
006 a|||||r|||| 00| 0
007 ta
008 220923b |||||||| |||| 00| 0 urd d
024 _a264046
037 _cTextual
040 _aARTS
_cARTS
_burd
041 _2urd
_aurd
082 _aO168,1JFI,1, K5
100 _aFeroz
_9206126
245 0 _aPirat nama
260 _c1965
650 _aURDU POETRY
942 _hO168,1JFI,1, K5
_cTEXL
_2CC
999 _c433355
_d433355